| 000 | 00442cam a2200181ua 4500 | ||
|---|---|---|---|
| 001 | 4249 | ||
| 008 | 111221n ii |||gr||||Z||||||asm | ||
| 040 | _cMAIN | ||
| 082 | _a891.451 | ||
| 100 |
_aGandhia, Jaykanta, _eEditor., |
||
| 245 | 1 | 1 |
_aPrabandha saurav _cbyJaykanta Gandhia |
| 250 | _a1st. | ||
| 260 |
_aTinsukia: _bJila Sahitya sabha,994. |
||
| 300 |
_a112p: _c23cm. |
||
| 653 | _aAssamese | ||
| 653 | _aPrabandha saurav | ||
| 942 | _cBK | ||
| 999 |
_c4070 _d4070 |
||